书目信息 |
| 题名: |
与古为新之路
|
|
| 作者: | 赵冰 , 冯叶 , 刘小虎 著 | |
| 分册: | ||
| 出版信息: | 北京 中国建筑工业出版社 2015.05 |
|
| 页数: | 149页, [1] 页图版 | |
| 开本: | 25cm | |
| 丛书名: | 冯纪忠研究系列 | |
| 单 册: | ||
| 中图分类: | TU2 | |
| 科图分类: | ||
| 主题词: | 建筑设计--jian zhu she ji--研究 | |
| 电子资源: | ||
| ISBN: | 978-7-112-18032-5 | |
| 000 | 01257nam 2200313 450 | |
| 001 | CAL 0120141391231 | |
| 005 | 20150825141914.89 | |
| 010 | @a978-7-112-18032-5@dCNY85.00 | |
| 100 | @a20150527d2015 em y0chiy50 ea | |
| 101 | 0 | @achi |
| 102 | @aCN@b110000 | |
| 105 | @aaf z 000yy | |
| 106 | @ar | |
| 200 | 1 | @a与古为新之路@Ayu gu wei xin zhi lu@e冯纪忠作品研究@d= Join the past become the new@eresearch on the works of Feng Jizhong@f赵冰, 冯叶, 刘小虎著@zeng |
| 210 | @a北京@c中国建筑工业出版社@d2015.05 | |
| 215 | @a149页, [1] 页图版@c图 (部分彩图)@d25cm | |
| 225 | 2 | @a冯纪忠研究系列@Afeng ji zhong yan jiu xi lie |
| 330 | @a本书分为建筑、城市、景观三大部分, 主要包括: 客舍春色、夏夜医院楼、茶室秋风、冬日何陋轩、1947年南京都市计划大纲、1950年代初期上海都市计划、1980年代初期上海旧区改建等。 | |
| 410 | 0 | @12001 @a冯纪忠研究系列 |
| 510 | 1 | @aJoin the past become the new@eresearch on the works of Feng Jizhong@zeng |
| 517 | 1 | @a冯纪忠作品研究@Afeng ji zhong zuo pin yan jiu |
| 586 | @a | |
| 606 | 0 | @a建筑设计@Ajian zhu she ji@x研究 |
| 690 | @aTU2@v5 | |
| 701 | 0 | @a赵冰@Azhao bing@4著 |
| 701 | 0 | @a冯叶@Afeng ye@4著 |
| 701 | 0 | @a刘小虎@Aliu xiao hu@4著 |
| 801 | 0 | @aCN@c20150820 |
| 905 | @a河南城建学院图书馆@dTU2@eZ292@f3 | |
| 与古为新之路:冯纪忠作品研究= Join the past become the new:research on the works of Feng Jizhong/赵冰, 冯叶, 刘小虎著.-北京:中国建筑工业出版社,2015.05 |
| 149页, [1] 页图版:图 (部分彩图);25cm.-(冯纪忠研究系列) |
| ISBN 978-7-112-18032-5:CNY85.00 |
| 本书分为建筑、城市、景观三大部分, 主要包括: 客舍春色、夏夜医院楼、茶室秋风、冬日何陋轩、1947年南京都市计划大纲、1950年代初期上海都市计划、1980年代初期上海旧区改建等。 |
| ● |
| 相关链接 |
|
|
|
正题名:与古为新之路
索取号:TU2/Z292
 
预约/预借
| 序号 | 登录号 | 条形码 | 馆藏地/架位号 | 状态 | 备注 |
| 1 | 1223739 | 212237391 | 建筑库101/101建筑库 31排2列5层/ [索取号:TU2/Z292] | 在馆 | |
| 2 | 1223740 | 212237408 | 建筑库101/101建筑库 31排2列5层/ [索取号:TU2/Z292] | 在馆 | |
| 3 | 1223741 | 212237417 | 建筑库101/101建筑库 31排2列5层/ [索取号:TU2/Z292] | 在馆 |